000
00379nam a2200133Ia 4500
008
100328s9999 xx 000 0 und d
082
_b
65205
100
_a
ठाकूर दिलीप.
245
_a
ओन्ली रेखा.
260
_b
संवेदना.
630
_a
ओन्ली रेखा.
730
_a
ओन्ली रेखा.
942
_c
BOOK
999
_c
550953
_d
550950